000 01087pam a2200313 a 4500
008
020 _a0896401685(hbk.)
049 _aMAIN
090 0 _aRC802.9
_bIMM
245 0 0 _aImmunology and immunopathology of the liver and gastrointestinal tract /
_cedited by Stephan R. Targan, Fergus Shanahan.
260 _aNew York :
_bIgaku-Shoin,
_cc1990.
300 _axvi, 656 p. :
_bill. ;
_c27 cm.
504 _aIncludes bibliographical references.
650 0 _aGastrointestinal system
_xDiseases
_xImmunological aspects.
650 0 _aLiver
_xDiseases
_xImmunological aspects.
650 0 _aGastrointestinal system
_xImmunology.
650 0 _aLiver
_xImmunology.
650 2 _aGastrointestinal System
_ximmunology.
650 2 _aGastrointestinal System
_xpathology.
650 2 _aLiver
_ximmunology.
650 2 _aLiver
_xpathology.
700 1 _aTargan, Stephan R.
700 1 _aShanahan, Fergus.
907 _a.b10201476
_b27-07-12
_c08-05-06
003
005 20230120203929.0
040 _cNUST
942 _cBOOKS
_kRC802.9
_mIMM
999 _c114069
_d114069